[Event "Mumbai Wealth rating op 4th"]
[Site "Mumbai"]
[Date "2019.01.07"]
[Round "9"]
[White "Bharadia, Yash"]
[Black "Dhanashree, Pandit"]
[Result "1-0"]
[WhiteElo "1559"]
[BlackElo "1676"]
[PlyCount "109"]
[EventDate "2018.12.30"]
[EventType "swiss"]
[EventRounds "9"]
[EventCountry "IND"]
[SourceTitle "CBM 188 Extra"]
[Source "ChessBase"]
[SourceDate "2019.02.26"]
[SourceVersion "1"]
[SourceVersionDate "2019.02.26"]
[SourceQuality "1"]

1. e4 e6 2. d4 d5 3. Nd2 Be7 4. e5 c5 5. c3 Nc6 6. Ndf3 Qb6 7. a3 c4 8. Nd2 Na5 9. f4 Nh6 10. Ngf3 Nf5 11. Qe2 Bd7 12. g4 Nh4 13. Bh3 Nb3 14. Nxb3 Nxf3+ 15. Qxf3 Bh4+ 16. Kd1 Qxb3+ 17. Ke2 Be7 18. Rd1 Ba4 19. Rd2 Qb6 20. Kf1 Rf8 21. Kg1 0-0-0 22. Qg3 g6 23. Rf2 Kb8 24. Be3 Rh8 25. Bg2 Rdg8 26. Qf3 Bh4 27. Rd2 Be7 28. h3 Qd8 29. f5 gxf5 30. gxf5 exf5 31. Qxf5 Bd7 32. Qf3 Be6 33. Kh1 Rg6 34. Rg1 Rhg8 35. Bf1 Qd7 36. Rdg2 Bf5 37. Rxg6 hxg6 38. Kh2 Rh8 39. Bg5 Bf8 40. Bf6 Rh7 41. Qg3 Ka8 42. Bg2 Be6 43. Rf1 Qb5 44. Rf2 Rh5 45. h4 Qe8 46. Bh3 Kb8 47. Bxe6 Qxe6 48. Bg5 Kc8 49. Rf6 Qe8 50. Qg4+ Kc7 51. Qf4 Rh7 52. Kg2 Kc8 53. e6 Be7 54. Rxf7 Rxf7 55. exf7 1-0

[Event "Mumbai Wealth rating op 4th"]
[Site "Mumbai"]
[Date "2019.01.03"]
[Round "5"]
[White "Yuti, Mayur Patel"]
[Black "Dhanashree, Pandit"]
[Result "0-1"]
[WhiteElo "1476"]
[BlackElo "1676"]
[PlyCount "62"]
[EventDate "2018.12.30"]
[EventType "swiss"]
[EventRounds "9"]
[EventCountry "IND"]
[SourceTitle "CBM 188 Extra"]
[Source "ChessBase"]
[SourceDate "2019.02.26"]
[SourceVersion "1"]
[SourceVersionDate "2019.02.26"]
[SourceQuality "1"]

1. e4 e6 2. d4 d5 3. Nc3 Nf6 4. e5 Nfd7 5. f4 c5 6. Nf3 Nc6 7. Be3 cxd4 8. Nxd4 a6 9. Qd2 Nxd4 10. Bxd4 Qc7 11. Be2 b5 12. Bf3 Bb7 13. 0-0-0 b4 14. Ne2 Nc5 15. Kb1 a5 16. g4 Nd7 17. Rhe1 Bc5 18. Ng3 Rc8 19. Bxc5 Nxc5 20. Nh5 0-0 21. f5 Ne4 22. Bxe4 dxe4 23. f6 Rfd8 24. Qf2 Rxd1+ 25. Rxd1 e3 26. Qe2 Bf3 27. Qd3 Bxd1 28. Qxd1 Rd8 29. Qf3 Qd7 30. Qxe3 Qd1+ 31. Qc1 Qxg4 0-1

[Event "IND-chB (Women) 41st"]
[Site "Mapusa"]
[Date "2014.09.15"]
[Round "11"]
[White "Arpita, Mukherjee"]
[Black "Dhanashree, Pandit"]
[Result "1-0"]
[WhiteElo "1883"]
[BlackElo "1704"]
[PlyCount "101"]
[EventDate "2014.09.07"]
[EventType "swiss"]
[EventRounds "11"]
[EventCountry "IND"]
[SourceTitle "CBM 162 Extra"]
[Source "ChessBase"]
[SourceDate "2014.10.17"]
[SourceVersion "1"]
[SourceVersionDate "2014.10.17"]
[SourceQuality "1"]

1. d4 d5 2. Nf3 Nf6 3. e3 c5 4. dxc5 Qa5+ 5. Bd2 Qxc5 6. Nc3 e6 7. Bd3 a6 8. e4 dxe4 9. Nxe4 Nxe4 10. Bxe4 Bd6 11. 0-0 Nd7 12. Be3 Qc7 13. h3 f5 14. Bd3 0-0 15. Qe2 b5 16. a4 b4 17. Bd2 Nf6 18. Rfe1 a5 19. Nd4 Re8 20. Bc4 Ne4 21. Nxf5 Nxd2 22. Qxd2 Bh2+ 23. Kh1 Qxc4 24. Kxh2 Bb7 25. Nd6 Qc7 26. Kg1 Red8 27. Rxe6 Ra6 28. Rd1 Bc6 29. Qe2 Raa8 30. Re7 Bd7 31. Nf7 Re8 32. Ng5 h6 33. Rdxd7 Rxe7 34. Qxe7 Qxd7 35. Qxd7 Rf8 36. Qe6+ Kh8 37. Nf7+ Kh7 38. Ne5 Rf6 39. Qxf6 gxf6 40. Nc6 Kg7 41. Nxa5 Kf7 42. Nc6 Ke6 43. a5 Kd6 44. Nxb4 Kc5 45. a6 Kb6 46. c4 Ka7 47. c5 h5 48. c6 Kb6 49. g4 hxg4 50. hxg4 Ka7 51. c7 1-0

[Event "IND-ch U15 Girls 30th"]
[Site "Kolkata"]
[Date "2013.08.11"]
[Round "8"]
[White "Dhanashree, Pandit"]
[Black "Anigani, Kavya"]
[Result "1/2-1/2"]
[WhiteElo "1707"]
[BlackElo "1832"]
[PlyCount "73"]
[EventDate "2013.08.06"]
[EventType "swiss"]
[EventRounds "11"]
[EventCountry "IND"]
[SourceTitle "CBM 155 Extra"]
[Source "ChessBase"]
[SourceDate "2013.08.26"]
[SourceVersion "1"]
[SourceVersionDate "2013.08.26"]
[SourceQuality "1"]

1. d4 d5 2. Nf3 Nf6 3. e3 g6 4. Bd3 c5 5. b3 Nbd7 6. 0-0 Bg7 7. Bb2 0-0 8. Nbd2 Qc7 9. h3 cxd4 10. exd4 Nh5 11. Re1 Re8 12. c4 Nf4 13. Bf1 Nf6 14. Rc1 Qd8 15. Ne5 Ne6 16. c5 Nd7 17. Ndf3 Nxe5 18. Nxe5 f6 19. Ng4 Ng5 20. Ne3 Be6 21. b4 a6 22. a4 Bf7 23. f3 h5 24. c6 Qb6 25. b5 Rec8 26. cxb7 Qxb7 27. Qd2 axb5 28. Bxb5 Be8 29. Rc5 e6 30. Rec1 Rxc5 31. dxc5 Bc6 32. Qd3 Kh7 33. Nc2 Nf7 34. Nb4 Nd8 35. Nxc6 Nxc6 36. Rb1 Qa7 37. Ba3 1/2-1/2

[Event "IND-ch U15 Girls 30th"]
[Site "Kolkata"]
[Date "2013.08.08"]
[Round "4"]
[White "Dhanashree, Pandit"]
[Black "Vaishali, Ramesh Babu"]
[Result "0-1"]
[WhiteElo "1707"]
[BlackElo "2020"]
[PlyCount "76"]
[EventDate "2013.08.06"]
[EventType "swiss"]
[EventRounds "11"]
[EventCountry "IND"]
[SourceTitle "CBM 155 Extra"]
[Source "ChessBase"]
[SourceDate "2013.08.26"]
[SourceVersion "1"]
[SourceVersionDate "2013.08.26"]
[SourceQuality "1"]

1. d4 d5 2. c4 e6 3. Nc3 Nf6 4. cxd5 exd5 5. Bg5 Be7 6. e3 0-0 7. Bd3 h6 8. Bh4 b6 9. Qc2 Bb7 10. Nge2 Nbd7 11. f3 c5 12. b3 Rc8 13. Qd2 cxd4 14. exd4 Bb4 15. 0-0 Re8 16. Rac1 Qe7 17. Qd1 Bxc3 18. Nxc3 Qb4 19. Ne2 Rxc1 20. Qxc1 Rc8 21. Qb2 Qe7 22. Qd2 a5 23. Rc1 Nf8 24. Ng3 Qb4 25. Rd1 Qxd4+ 26. Kh1 Qxh4 27. Nf5 Qh5 28. Ne7+ Kh8 29. Nxc8 Bxc8 30. Rc1 Be6 31. Rc6 Ng6 32. Rxb6 Qe5 33. g3 Bh3 34. Rc6 Qd4 35. Rc3 Ne5 36. f4 Ne4 37. Qe2 Qxc3 38. Kg1 Qc1+ 0-1

[Event "Runwal Memorial op U15 Girls 29th"]
[Site "Mumbai"]
[Date "2012.09.20"]
[Round "3"]
[White "Shoumi, Mukerjee"]
[Black "Dhanashree, Pandit"]
[Result "1-0"]
[WhiteElo "1853"]
[BlackElo "1698"]
[PlyCount "111"]
[EventDate "2012.09.18"]
[EventType "swiss"]
[EventRounds "11"]
[EventCountry "IND"]
[SourceTitle "EXT 2013"]
[Source "ChessBase"]
[SourceDate "2012.11.22"]
[SourceVersion "1"]
[SourceVersionDate "2012.11.22"]
[SourceQuality "1"]

1. Nf3 Nf6 2. g3 g6 3. Bg2 Bg7 4. 0-0 0-0 5. d4 d5 6. c4 c6 7. Nbd2 Nbd7 8. Qc2 b6 9. e4 dxe4 10. Nxe4 Bb7 11. Nxf6+ Nxf6 12. Rd1 Rc8 13. h3 b5 14. b3 Nd7 15. Rb1 Nb6 16. Be3 Rc7 17. h4 Bc8 18. Rbc1 Bf5 19. Qd2 bxc4 20. bxc4 Rd7 21. Bh6 Bg4 22. Bxg7 Kxg7 23. Qf4 Bxf3 24. Bxf3 Qc7 25. Qe4 c5 26. d5 Qd6 27. h5 f5 28. Qh4 Qf6 29. Qxf6+ Rxf6 30. hxg6 hxg6 31. Kg2 Na4 32. Rd3 Rb6 33. Ra3 Rb4 34. g4 fxg4 35. Bxg4 Rd6 36. Be6 a6 37. Rf3 g5 38. Rf7+ Kg6 39. Rxe7 Nb2 40. Rh1 Rxc4 41. Rhh7 Rf4 42. Rhg7+ Kh6 43. Rh7+ Kg6 44. Reg7+ Kf6 45. Rf7+ Kg6 46. Rxf4 Kxh7 47. Rf7+ Kg6 48. Rc7 c4 49. Rc6 Rd8 50. d6 c3 51. d7 Kf6 52. Bg4+ Ke7 53. Rxc3 Na4 54. Rc6 Ra8 55. Rc8 Nb6 56. d8Q+ 1-0